LEADER 01233nam a2200289 i 4500 001 000000159729 003 CaOOAMICUS 005 20160523000000.0 008 160523s1991 it u000 u eng u 013 $a137092 020 $a2-8254-1025-X 020 $a0-8028-2428-5 040 $aSeMil$bita 100 1 $aLosskij, Nikolaj Onufrievic <1929-2017>.$0(OLS)http://semarc/name/90335 245 10$aDictionary of the ecumenical movement /$cNicolas Lossky ... [et al.]. 260 $aGrand Rapids :$bEerdmans,$c1991. 260 $aGeneva :$bWCC Publications,$c1991. 300 $aXVI, 1196 p. :$bill. ;$c25 cm. 650 4$aMovimenti ecumenici - Enciclopedie e dizionari.$0(OLS)http://semarc/subject/17241 850 $aSeMil 852 $aSeMil$W1$xVenegono$y1$mSL1.P VII 59$j111262$B111262$CSeMilBibl$Z2$F120993 $8I 961 $aOmaggio: Altro 996 $6020$a2-8254-1025-X$9(OLS)http://semarc/number/75360 996 $6020$a0-8028-2428-5$9(OLS)http://semarc/number/75361 996 $6245$aDictionary of the ecumenical movement$9(OLS)http://semarc/title/141921 996 $6260$aGeneva :$bWCC Publications$9(OLS)http://semarc/publisher/40366 996 $6260$aGrand Rapids :$bEerdmans$9(OLS)http://semarc/publisher/36209 LEADER 01535nam a2200253 i 4500 001 000000054002 003 CaOOAMICUS 005 20100910000000.0 008 100910s1950 it u000 u ita u 013 $a25174 040 $aSeMil$bita 100 1 $aGiuliani, Giuseppe.$0(OLS)http://semarc/name/26784 245 10$aDivinitā e processione dello Spirito Santo in S. Atanasio /$c; Sac. Giuseppe Giuliani. 260 $aRoma :$bPontificia Universitā Gregoriana,$c1950. 300 $aX, 221 p. ;$c25 cm. 490 0 $aDissertatio ad lauream in Facultate theologica Pontificiae Universitatis Gregoriana = Dissertation zur Erlangung des Doktorgrades an der Theologischen Fakultät der päpstlichen Gregorianischen Universität in Rom 600 04$aAtanasio : Alessandrino .$0(OLS)http://semarc/subject/7079 650 4$aSpirito Santo - Teologia.$0(OLS)http://semarc/subject/1154 650 4$aTesi di laurea.$0(OLS)http://semarc/subject/1690 830 0$aDissertatio ad lauream in Facultate theologica Pontificiae Universitatis Gregoriana = Dissertation zur Erlangung des Doktorgrades an der Theologischen Fakultät der päpstlichen Gregorianischen Universität in Rom.$0(OLS)http://semarc/title/78978 850 $aSeMil 852 $aSeMil$W1$xVenegono$y1$m2I I 253$j20156$B20156$CSeMilBibl$Z2$F20158 $81 996 $6245$aDivinitā e processione dello Spirito Santo in S. Atanasio$9(OLS)http://semarc/title/83443 996 $6260$aRoma :$bPontificia Universitā Gregoriana$9(OLS)http://semarc/publisher/29750